Ensayo crítico sobre algunas obras históricas utilizables para el estudio de la conquista de Chile

Αποθηκεύτηκε σε:
Λεπτομέρειες βιβλιογραφικής εγγραφής
Κύριος συγγραφέας: Thayer Ojeda, Tomás (Συγγραφέας)
Μορφή: Βιβλίο
Γλώσσα:Ισπανικά
Έκδοση: Santiago, Chile Barcelona 1917
Θέματα:
Ετικέτες: Προσθήκη ετικέτας
Δεν υπάρχουν, Καταχωρήστε ετικέτα πρώτοι!

MARC

LEADER 00000nam a2200000 a 4500
001 UCO2495
003 CL-VaPUC
005 20220106074421.0
008 000608e19170000CL |||||||||||||||||spa|d
999 |c 289002  |d 289000 
040 |c Pontificia Universidad Católica de Valparaíso 
082 0 4 |a 983.02 THA 1917  |2 21 
100 0 |a Thayer Ojeda, Tomás  |e author  |9 445738 
245 1 0 |a Ensayo crítico sobre algunas obras históricas utilizables para el estudio de la conquista de Chile 
260 |a Santiago, Chile  |b Barcelona  |c 1917 
300 |a 488 páginas 
583 |a last modification  |c 20000608 00:00:00  |k Rodrigo Vera 
650 0 |a Historia de Chile  |9 265473 
650 0 |a Conquista  |z CHILE  |9 339504 
650 0 |a Enseñanza de la historia   |z CHILE  |9 307330 
852 |a BIBCUR 
942 |c BK  |2 ddc 
945 |d 20000608 00:00:00  |a crobeson 
952 |0 0  |1 0  |2 ddc  |4 0  |6 983_020000000000000_THA_1917  |7 0  |8 X  |9 337086  |a BIBHIS  |b BIBHIS  |d 2019-11-20  |i 1279807  |o 983.02 THA 1917  |p 1279807  |r 2024-01-30  |t 1  |w 2019-11-20  |y BK_X  |k HIS 
952 |0 0  |1 0  |2 ddc  |4 0  |6 983_020000000000000_THA_1917  |7 0  |8 X  |9 337087  |a BIBHIS  |b BIBHIS  |d 2019-11-20  |i 1279890  |o 983.02 THA 1917  |p 1279890  |r 2024-01-30  |t 2  |w 2019-11-20  |y BK_X  |k HIS